Revelación y tradición
Uloženo v:
| Hlavní autoři: | , |
|---|---|
| Médium: | Kniha |
| Jazyk: | španělština |
| Vydáno: |
Barcelona
Herder
1971
|
| Edice: | Quaestiones Disputatae, 7
|
| Témata: | |
| Tagy: |
Přidat tag
Žádné tagy, Buďte první, kdo vytvoří štítek k tomuto záznamu!
|
MARC
| LEADER | 00000nam a2200000 a 4500 | ||
|---|---|---|---|
| 001 | UCL3958 | ||
| 003 | CL-VaPUC | ||
| 008 | 031219e19710000SP |||||||||||||||||spa|d | ||
| 082 | 0 | 4 | |a 231.74 |b RAH |2 21 |
| 100 | 0 | |a Rahner, Karl |e author |9 314306 | |
| 700 | 0 | |a Ratzinger, Joseph |e author |9 481401 | |
| 245 | 1 | 0 | |a Revelación y tradición |
| 300 | |a 77 p | ||
| 942 | |c BK | ||
| 945 | |d 20031219 00:00:00 |a vberengu | ||
| 260 | |a Barcelona |b Herder |c 1971 | ||
| 600 | 0 | |a Rahner, Karl, |d 1904-1984 |e autor |9 481402 | |
| 650 | 7 | |a TRADICION - TEOLOGIA |2 CL-VaPUC |9 258585 | |
| 650 | 0 | |a Revelación |9 313616 | |
| 583 | |a last modification |c 20031219 00:00:00 |k Rodrigo Vera | ||
| 490 | 0 | |a Quaestiones Disputatae, 7 | |
| 999 | |c 306922 |d 306920 | ||
| 952 | |0 0 |1 0 |4 0 |6 231_740000000000000_RAH_1971 |7 0 |8 A |9 372354 |a BIBTEO |b BIBTEO |d 2019-11-21 |i 2097915 |l 1 |m 3 |o 231.74 RAH 1971 |p 2097915 |r 2025-01-17 |s 2024-04-17 |w 2019-11-21 |y BK |k ICR | ||